Kings Island Roller Coasters - Sudden Death - Statistics

General Stats
  • This quiz has been taken 85 times
    51 since last reset
  • The average score is 4 of 10
Answers on the Grid
Answers color-coded by a green-red scale on the quiz's grid according to % correct below.
The Beast
Vortex
Behemoth
The Bat
Iron Gwazi
Banshee
Mystic Timbers
Alpenfury
Leviathan
Diamondback
Orion
Top Thrill 2
Racer
Invertigo
Queen City Stunt Coaster
Pantheon
Adventure Express
Steel Vengeance
Disaster Transport
Raptor
Corkscrew
Blue Streak
Time Traveler
Siren's Curse
Son of Beast
 
Answer Stats
Answer % Correct
The Beast
100%
Banshee
58%
Orion
54%
Adventure Express
38%
Mystic Timbers
38%
Invertigo
35%
Racer
35%
The Bat
35%
Diamondback
31%
Queen City Stunt Coaster
23%
No matching quizzes found
Score Distribution
Percent of People with Each Score
Percentile by Number Answered
Your Score History
You have not taken this quiz since the last reset